000 00722nam a22002297a 4500
003 UPN
005 20240911064504.0
008 220929b |||||||| |||| 00| 0 spa d
020 _a9789876299312
040 _aMX-MxUPN
_bspa
_cMX-MxUPN
050 4 _aH61
_bT466 2019
245 0 3 _aLa teoría social, ahora :
_bnuevas corrientes, nuevas discusiones
260 _aMéxico, D.F. :
_bSiglo XXI :
_bAnthropos,
_c2019
300 _a450 páginas
650 4 _aCiencias sociales
_99133
700 1 _946893
_aBenzecry, Claudio E.
_eeditor
700 1 _946896
_aKrause, Monika,
_d1978-
_eeditora
700 1 _946897
_aReed, Isaac Ariail
_eeditor
902 _aVíctorGodínez/290922
942 _2lcc
_cLIBRO
999 _c208907
_d208907